| 000 | 00615nam a22001697a 4500 | ||
|---|---|---|---|
| 005 | 20231123114752.0 | ||
| 008 | 231123b |||||||| |||| 00| 0 eng d | ||
| 020 | _a929037091.2 | ||
| 041 | _aEnglish | ||
| 082 | _a341.48 CEN | ||
| 100 | _lEnglish | ||
| 245 |
_aAttacks on Justice : _bThe Harassment and Persecution of Judges and Lawyers / _cedited by MA Rishmawi |
||
| 260 |
_aGeneva : _bCentre for the Independence of Judges and Lawyers of the International Commission of Jurists, _c1996 |
||
| 300 |
_b316 pages ; _c23 cm. |
||
| 650 |
_aLegal practice _bLaw |
||
| 942 |
_cBK _6ALISON_BN_VRIES |
||
| 999 |
_c892 _d892 |
||